000 00526nam a2200217Ia 4500
003 OSt
005 20220928140515.0
006 a|||||r|||| 00| 0
007 ta
008 220927b |||||||| |||| 00| 0 eng d
024 _a9069
037 _cTextual
040 _aSDCL
_cSDCL
_beng
041 _2eng
_aeng
082 _aO-,3:g, G2
100 _aLeavis Q D
_9495599
245 0 _aFiction and the reading public.
260 _c1932
942 _hO-,3:g, G2
_cTEXL
_2CC
999 _c811817
_d811817